|
|
|
|
| LEADER |
02479nam a22005055i 4500 |
| 001 |
978-0-306-48104-8 |
| 003 |
DE-He213 |
| 005 |
20160606070119.0 |
| 007 |
cr nn 008mamaa |
| 008 |
100301s2003 ne | s |||| 0|eng d |
| 020 |
|
|
|a 9780306481048
|9 978-0-306-48104-8
|
| 024 |
7 |
|
|a 10.1007/0-306-48104-9
|2 doi
|
| 040 |
|
|
|d GrThAP
|
| 050 |
|
4 |
|a QE701-760
|
| 072 |
|
7 |
|a RBX
|2 bicssc
|
| 072 |
|
7 |
|a SCI054000
|2 bisacsh
|
| 082 |
0 |
4 |
|a 560
|2 23
|
| 100 |
1 |
|
|a Sen Gupta, Barun K.
|e author.
|
| 245 |
1 |
0 |
|a Modern Foraminifera
|h [electronic resource] /
|c by Barun K. Sen Gupta.
|
| 264 |
|
1 |
|a Dordrecht :
|b Springer Netherlands :
|b Imprint: Springer,
|c 2003.
|
| 300 |
|
|
|a XI, 371 p. 52 illus.
|b online resource.
|
| 336 |
|
|
|a text
|b txt
|2 rdacontent
|
| 337 |
|
|
|a computer
|b c
|2 rdamedia
|
| 338 |
|
|
|a online resource
|b cr
|2 rdacarrier
|
| 347 |
|
|
|a text file
|b PDF
|2 rda
|
| 505 |
0 |
|
|a Basic Considerations -- to modern Foraminifera -- Systematics of moder Foraminifera -- Foraminifera: A biological overview -- Shell construction in modern calcareous Foraminifera -- Quantitative methods of data analysis in foraminiferal ecology -- Features of Distribution -- Biogeography of neritic benthic Foraminifera -- Biogeography of planktonic Foraminifera -- Symbiont-bearing Foraminifera -- Foraminifera in marginal marine environments -- Benthic foraminiferal microhabitats below the sediment-water interface -- Benthic Foraminifera and the flux of organic carbon to the seabed -- Foraminifera of oxygen-depleted environments -- Effects of marine pollution on benthic Foraminifera -- Geochemistry of Shells -- Stable oxygen and carbon isotopes in foraminiferal carbonate shells -- Trance elements in foraminiferal calcite -- Preservation of Record -- Taphonomy and temporal resolution of foraminiferal assemblages.
|
| 650 |
|
0 |
|a Earth sciences.
|
| 650 |
|
0 |
|a Paleontology.
|
| 650 |
|
0 |
|a Oceanography.
|
| 650 |
|
0 |
|a Ecology.
|
| 650 |
|
0 |
|a Aquatic ecology.
|
| 650 |
|
0 |
|a Climate change.
|
| 650 |
1 |
4 |
|a Earth Sciences.
|
| 650 |
2 |
4 |
|a Paleontology.
|
| 650 |
2 |
4 |
|a Freshwater & Marine Ecology.
|
| 650 |
2 |
4 |
|a Ecology.
|
| 650 |
2 |
4 |
|a Oceanography.
|
| 650 |
2 |
4 |
|a Climate Change.
|
| 710 |
2 |
|
|a SpringerLink (Online service)
|
| 773 |
0 |
|
|t Springer eBooks
|
| 776 |
0 |
8 |
|i Printed edition:
|z 9780412824302
|
| 856 |
4 |
0 |
|u http://dx.doi.org/10.1007/0-306-48104-9
|z Full Text via HEAL-Link
|
| 912 |
|
|
|a ZDB-2-EES
|
| 912 |
|
|
|a ZDB-2-BAE
|
| 950 |
|
|
|a Earth and Environmental Science (Springer-11646)
|